01112cam a2200313 a 450000100090000000300040000900500170001300800410003001000170007102000180008802500270010603500260013303700640015904000130022304200100023604300120024605000230025824500990028126000430038030000210042350400510044452000760049565000510057165000540062265000590067665000270073570000190076270000170078115515308OSt20151009105257.0080925s2009 ii b 001 0 eng  a 2008324165 a9788131304679 aI-E-2008-324165; 88-90 a(IN-NdUBS)UBS08002720 bLibrary of Congress -- New Delhi Overseas OfficecRs1295.00 aDLCcDLC alcode aa-ii---00aHQ1742b.S627 200900aSocial work concerns and challenges in the 21st century /cedited by V.V. Devasia, Ajit Kumar. aNew Delhi :bA.P.H. Pub. Corp.,c2009. a325 p. ;c23 cm. aIncludes bibliographical references and index. aContributed articles on 20th century women, children, and aged persons. 0aWomenzIndiaxSocial conditionsy20th century. 0aChildrenzIndiaxSocial conditionsy20th century. 0aOlder personszIndiaxSocial conditionsy20th century. 0aSocial servicezIndia.1 aDevasia, V. V.1 aKumar, Ajit.